000 00531nam a2200169Ia 4500
999 _c37113
_d37113
003 OSt
005 20210125094958.0
008 190216s9999||||xx |||||||||||||| ||und||
040 _coclc
082 _a378.076
_bBOO/C
100 _aBookhives Study Circle
245 0 _aCSIR- UGC National Eligibility Test for JRF and Eligibility For Lectureship /
_cBookhive
260 _bBookhive,
_c2013.
_aNew Delhi:
300 _a325p
650 _aCompulsory Paper
942 _cREF
_2ddc
_h378.076
_iBOO/C
_k378.076
_mBOO/C